Atlas linguistique de la France. (Record no. 34758)

MARC details
000 -LEADER
campo de control de longitud fija 01760nam a2200217 i 4500
001 - NÚMERO DE CONTROL
campo de control 34758
003 - IDENTIFICADOR DE NÚMERO DE CONTROL
campo de control ES-MaACL
005 - FECHA Y HORA DE LA ÚLTIMA TRANSACCIÓN
campo de control 20251003164856.0
007 - CAMPO FIJO DE DESCRIPCIÓN FÍSICA--INFORMACIÓN GENERAL
campo de control de longitud fija t|
008 - DATOS DE LONGITUD FIJA--INFORMACIÓN GENERAL
campo de control de longitud fija 211216m19021910fr b |||| | fre d
100 1# - ENTRADA PRINCIPAL--NOMBRE DE PERSONA
Nombre de persona Gilliéron, Jules,
Fechas asociadas al nombre 1854-1926
9 (RLIN) 56976
245 10 - MENCIÓN DEL TÍTULO
Título Atlas linguistique de la France.
Número de parte o sección de la obra Fasc. 1-35, Cartes n° 1 à 1920 /
Mención de responsabilidad, etc. publ. par J. Gilliéron et E. Edmont.
260 ## - PUBLICACIÓN, DISTRIBUCIÓN, ETC.
Lugar de publicación, distribución, etc. Paris :
Nombre del editor, distribuidor, etc. H. Champion,
Fecha de publicación, distribución, etc. 1902-1910.
300 ## - DESCRIPCIÓN FÍSICA
Extensión 35 fasc. (1920 mapas) ;
Dimensiones 64 x 53 cm.
500 ## - NOTA GENERAL
Nota general Cada fascículo con mapas numerados.
505 8# - NOTA DE CONTENIDO CON FORMATO
Nota de contenido con formato Contiene: Fasc.1: nº 5- 44 b -- Fasc. 2. nº 45- 91 - Fasc. 3: nº 92-139 -- Fasc. 4: nº 140-157 -- Fasc. 5: nº: 158-235 -- Fasc. 6: nº: 236-283 -- Fasc.7: nº 284-330 -- Fasc. 8: nº: 331-376 -- Fasc. 9: nº 377-423 -- Fasc. 10: nº 424-468 -- Fasc.11: nº.469-515 -- Fasc. 12: nº. 516-561 -- Fasc. 13: nº 562-606 -- Fasc.14: nº 607-654 A -- Fasc.15: nº. 654B-702 -- Fasc.16 nº. 703-751 -- Fasc.17 nº 752-797 A -- Fasc.18 nº. 797 B-842 -- Fasc.19 nº. 843-889 -- Fasc. 20 nº. 890-936 -- Fasc. 21: nº. 937-985 -- Fasc. 22: nº 986-1033 -- Fasc. 23: nº. 1034-1075 -- Fasc. 24: nº 1076-1123 -- Fasc. 25: nº 1124-1171 -- Fasc. 26: nº 1172-1216 -- Fasc. 27 FALTA -- Fasc. 28 nº 1287-1310 (faltan 1308-1309) -- Fasc. 29: nº 1311-1356 -- Fasc. 30: nº. 1357-1399 -- Fasc. 31 nº 1400-1471 -- Fasc. 32: nº. 1500-1569 (faltan 1472-1499) -- Fasc. 33: nº. 1570-1659 -- Fasc. 34: nº. 1660-1747 -- Fasc. 35: nº 1748-1920.
650 #4 - PUNTO DE ACCESO ADICIONAL DE MATERIA--TÉRMINO DE MATERIA
Término de materia o nombre geográfico como elemento de entrada Lengua francesa-
Subdivisión general Dialectos-
Subdivisión de forma Atlas.
9 (RLIN) 161452
700 1# - ENTRADA AGREGADA--NOMBRE PERSONAL
Nombre de persona Edmont, Edmond,
Fechas asociadas al nombre 1849-1926
9 (RLIN) 161451
852 ## - LOCALIZACIÓN
Ubicación ES-MaACL
Número de control de estantería Z-509(1)
condición física - Falta fasc. 1 (mapa 1-5); Fasc. 27; Fasc. 28 (mapas 1308-1309); Fasc. 32 (mapas 1472-1499)
Holdings
Estatus retirado Estado de pérdida Estado de daño No para préstamo Biblioteca de origen Biblioteca actual Ubicación en estantería Fecha de adquisición Fuente de adquisición Total de préstamos Signatura topográfica completa Código de barras Visto por última vez Precio de reemplazo Tipo de ítem Koha
        Biblioteca del Ateneo de Madrid Biblioteca del Ateneo de Madrid Depósito Z 21/12/2016     Z-509(1) 1196854 23/02/2023 23/02/2023 Libro impreso